A Text Book of Environmental Pollution and Control (Record no. 10898)

MARC details
000 -LEADER
fixed length control field 00404nam a2200121 4500
082 ## - DEWEY DECIMAL CLASSIFICATION NUMBER
Classification number 628.53BHA
100 ## - MAIN ENTRY--AUTHOR NAME
Personal name Bhatia, H.S.
245 ## - TITLE STATEMENT
Title A Text Book of Environmental Pollution and Control
260 ## - PUBLICATION, DISTRIBUTION, ETC. (IMPRINT)
Place of publication New Delhi:
Name of publisher Khanna Publishers,
Year of publication 2001.
300 ## - PHYSICAL DESCRIPTION
Number of Pages 1133p. ;
856 ## - ELECTRONIC LOCATION AND ACCESS
Uniform Resource Identifier http://books.google.com.pk/books/about/A_Text_Book_of_Environmental_Pollution_a.html?id=7PBkPgAACAAJ&redir_esc=y
942 ## - ADDED ENTRY ELEMENTS (KOHA)
Koha item type Books
Holdings
Withdrawn status Lost status Home library Current library Date acquired Cost, normal purchase price Full call number Accession Number Koha item type
    Central Library, QUEST, Nawabshah Central Library, QUEST, Nawabshah 14/10/2014 595.00 628.53BHA 29178 Books
    Central Library, QUEST, Nawabshah Central Library, QUEST, Nawabshah 14/10/2014 595.00 628.53BHA 29179 Books